000
00230nam a2200097 a 4500
005
20200930065727.0
008
110719s2004 000 spa d
245
0
_a
Despertar de la sexualidad.
260
_c
[s.f.].
999
_c
32089
_d
32089
040
_a
DO-SdBNP